|
|
|
|
| LEADER |
00000nam0a2200000 4500 |
| 001 |
342287 |
| 005 |
20231102005433.0 |
| 035 |
|
|
|a (RuTPU)RU\TPU\book\370993
|
| 035 |
|
|
|a RU\TPU\book\370994
|
| 090 |
|
|
|a 342287
|
| 100 |
|
|
|a 20190122j20181220k y0rusy50 ca
|
| 101 |
0 |
|
|a rus
|
| 102 |
|
|
|a RU
|
| 105 |
|
|
|a a m 001zy
|
| 200 |
1 |
|
|a Разработка и исследование многофункциональных микро- и наноразмерных композиционных полимерных материалов с заданными свойствами
|e диссертация на соискание ученой степени кандидата технических наук
|e спец. 05.09.02
|f Е. Т. Амитов
|g Национальный исследовательский Томский политехнический университет (ТПУ) ; науч. рук. С. М. Лебедев
|
| 210 |
|
|
|a Томск
|c [Б. и.]
|d 2018
|
| 215 |
|
|
|a 140 л.
|c ил.
|
| 300 |
|
|
|a Защищена 20.12.2018 г.
|
| 320 |
|
|
|a Библиогр.: с. 124-138 (154 назв.)
|
| 320 |
|
|
|a Список сокращений: с. 2
|
| 452 |
|
1 |
|0 (RuTPU)RU\TPU\book\370044
|t Разработка и исследование многофункциональных микро- и наноразмерных композиционных полимерных материалов с заданными свойствами
|o диссертация на соискание ученой степени кандидата технических наук
|o спец. 05.09.02
|f Е. Т. Амитов
|g Национальный исследовательский Томский политехнический университет (ТПУ) ; науч. рук. С. М. Лебедев
|c Томск
|d 2018
|a Амитов, Ернар Танирбергенулы
|
| 606 |
1 |
|
|a Композиционные материалы полимерные
|2 stltpush
|3 (RuTPU)RU\TPU\subj\15051
|9 41349
|
| 610 |
1 |
|
|a микроразмерные полимерные композиты
|
| 610 |
1 |
|
|a наноразмерные композиционные материалы
|
| 610 |
1 |
|
|a биоразлагаемые материалы
|
| 610 |
1 |
|
|a изготовление
|
| 610 |
1 |
|
|a методики
|
| 610 |
1 |
|
|a полимерные диэлектрики
|
| 610 |
1 |
|
|a фазовые переходы
|
| 610 |
1 |
|
|a температурное поле
|
| 610 |
1 |
|
|a испытание на растяжение
|
| 610 |
1 |
|
|a расплавы
|
| 610 |
1 |
|
|a текучесть
|
| 610 |
1 |
|
|a поверхности
|
| 610 |
1 |
|
|a поверхностные структуры
|
| 610 |
1 |
|
|a сканирующая электронная микроскопия
|
| 610 |
1 |
|
|a электропроводящие материалы
|
| 610 |
1 |
|
|a теплопроводящие материалы
|
| 610 |
1 |
|
|a разработка
|
| 610 |
1 |
|
|a полилактиды
|
| 610 |
1 |
|
|a применение
|
| 610 |
1 |
|
|a трехмерная печать
|
| 610 |
1 |
|
|a 3D-печать
|
| 610 |
1 |
|
|a реологические свойства
|
| 610 |
1 |
|
|a диссертации
|
| 610 |
1 |
|
|a труды учёных ТПУ
|
| 675 |
|
|
|a 620.22-419.8(04)
|v 4
|
| 686 |
|
|
|a 05.09.02
|2 oksvnk
|
| 700 |
|
1 |
|a Амитов
|b Е. Т.
|c специалист в области материаловедения
|c техник Томского политехнического университета
|f 1991-
|g Ернар Танирбергенулы
|2 stltpush
|3 (RuTPU)RU\TPU\pers\32245
|
| 702 |
|
1 |
|a Лебедев
|b С. М.
|c физик
|c заведующий лабораторией Томского политехнического университета, доктор технических наук
|f 1954-
|g Сергей Михайлович
|2 stltpush
|3 (RuTPU)RU\TPU\pers\25466
|4 727
|
| 712 |
0 |
2 |
|a Национальный исследовательский Томский политехнический университет (ТПУ)
|c (2009- )
|2 stltpush
|3 (RuTPU)RU\TPU\col\15902
|
| 801 |
|
1 |
|a RU
|b 63413507
|c 20190122
|
| 801 |
|
2 |
|a RU
|b 63413507
|c 20190211
|g RCR
|
| 942 |
|
|
|c BK
|